00908cam a2200229 a 450000100100000000500170001000800410002701000130006804000230008108200170010410000410012124501140016226000480027630000260032450400410035065000670039165000180045870000330047691000340050995201200054399900150066300000315320260521134322.0841228s1983 cu b 001 e spa  a84256030 aDO-SdBNPcDLCdDLC a980.2bP293d1 aPastor Bodmer, Beatriz.d1948-9995010aDiscurso narrativo de la conquista de América :bensayo /cBeatriz Pastor ; edición de Reinaldo Castillo. aLa Habana :bCasa de las Américas,c1983. a570, [3] p. ;c19 cm. aIncluye referencias bibliográficas 4aAmérica latinaxHistoriaxEnsayos, conferencias, etc.,99951 0aEnsayos980591 aReinaldo Castilloeed.99952 aCatalogación por copia / LC 001052708MOaGRbGRcCTd2009-07-06iLF1l0o980.2 P293dp3153-10r2020-06-25w2020-06-25y2ZPréstamo interno c2984d2984